Las antiguas civilizaciones semíticas

-д хадгалсан:
Номзүйн дэлгэрэнгүй
Үндсэн зохиолч: Moscati, Sabatino (autor)
Формат: Ном
Хэл сонгох:испани
Хэвлэсэн: Barcelona Garrica 1960
Нөхцлүүд:
Шошгууд: Шошго нэмэх
Шошго байхгүй, Энэхүү баримтыг шошголох эхний хүн болох!

MARC

LEADER 00000nam a2200000 a 4500
001 UCP8779
003 CL-VaPUC
008 000310e19600000SP |||||||||||||||||spa|d
082 0 4 |a 909.0492  |b MOS  |2 21 
100 |a Moscati, Sabatino  |e autor  |9 320481 
245 1 4 |a Las antiguas civilizaciones semíticas 
300 |a 318 p 
942 |c BK 
945 |d 20000310 00:00:00  |a rherrera 
260 |a Barcelona  |b Garrica  |c 1960 
650 7 |a SEMITAS  |2 CL-VaPUC  |9 438996 
650 0 |a Historia antigua  |9 267521 
650 0 |a Civilizaciones antiguas  |9 265998 
650 0 |a Imperio babilónico  |9 438881 
650 0 |a Asirios   |9 438919 
650 7 |a ETIOPES  |2 CL-VaPUC  |9 438982 
650 0 |a Arameos  |9 438983 
650 0 |a Árabes  |9 316264 
650 7 |a HEBREOS  |2 CL-VaPUC  |9 314389 
583 |a last modification  |c 20000310 00:00:00  |k Rodrigo Vera 
999 |c 285665  |d 285663 
952 |0 0  |1 0  |4 0  |6 909_049200000000000_MOS_1960  |7 0  |8 A  |9 330416  |a BIBHIS  |b BIBHIS  |d 2019-11-20  |i 139438K  |o 909.0492 MOS 1960  |p 139438K  |r 2025-01-20  |w 2019-11-20  |y BK  |k HIS 
952 |0 0  |1 0  |4 0  |6 909_049200000000000_MOS_1960  |7 0  |8 A  |9 330417  |a BIBHIS  |b BIBHIS  |d 2019-11-20  |i 1394606  |o 909.0492 MOS 1960  |p 1394606  |r 2025-01-20  |w 2019-11-20  |y BK  |k HIS